Kdo vám tak zcuchal tmavé vlasy... Básně Antonína Sovy /
Původní EP album "Kdo vám tak zcuchal tmavé vlasy... Básně Antonína Sovy" bylo přílohou ke knize "Pozdrav bouřlivé noci" vydané Československým spisovatelem jako číslo 2, ročník 4 v edici Klub přátel poezie v roce 1963. Nyní titul vychází v Supraphonu samostatně a poprvé digitáln...
Uloženo v:
| Hlavní autor: | |
|---|---|
| Další autoři: | |
| Médium: | E-audiokniha |
| Vydáno: |
Praha :
Supraphon a.s.,
2025
|
| Tagy: |
Žádné tagy |
| LEADER | 01522nim a22002777i 4500 | ||
|---|---|---|---|
| 001 | 302596 | ||
| 007 | sr nunnnnnnned | ||
| 024 | |a 859692541912 | ||
| 044 | |a xr | ||
| 100 | 1 | |a Sova, Antonín |4 aut | |
| 245 | 1 | 0 | |a Kdo vám tak zcuchal tmavé vlasy... Básně Antonína Sovy / |c Sova, Antonín |
| 264 | 1 | |a Praha : |b Supraphon a.s., |c 2025 | |
| 300 | |a 1 online zdroj (13 min., 56 sek.) | ||
| 336 | |a mluvené slovo |b spw |2 rdacontent | ||
| 337 | |a audio |b s |2 rdamedia | ||
| 338 | |a online zdroj |b cr |2 rdacarrier | ||
| 505 | 0 | 0 | |t Kdo vám tak zcuchal tmavé vlasy (3 min., 43 sek.) |
| 505 | 0 | 0 | |t Princezna Lyoleja (3 min., 9 sek.) |
| 505 | 0 | 0 | |t Údolí nového království. Čtyři zpěvy, op. 31-Zkonejšení (3 min., 55 sek.) |
| 505 | 0 | 0 | |t Údolí nového království. Čtyři zpěvy, op. 31-Epilog (3 min., 12 sek.) |
| 520 | 2 | |a Původní EP album "Kdo vám tak zcuchal tmavé vlasy... Básně Antonína Sovy" bylo přílohou ke knize "Pozdrav bouřlivé noci" vydané Československým spisovatelem jako číslo 2, ročník 4 v edici Klub přátel poezie v roce 1963. Nyní titul vychází v Supraphonu samostatně a poprvé digitálně. | |
| 700 | 1 | |a Štěpánek, Zdeněk |4 nrt | |
| 910 | |a RBIT002 | ||
| 998 | |d 426735 |a https://core.palmknihy.cz/api/books/426735/cover?telfsm |b https://core.palmknihy.cz/api/books/426735/cover/400?telfsm |c https://core.palmknihy.cz/api/books/426735/cover/50?telfsm |e 2099-01-01 |i 859692541912 |l 836 |q 49 |r 1 |s https://www.palmknihy.cz/kniha/426735 |t audiobook |y 2025 |z 1 | ||
| 999 | |d 302594 | ||